[Event "St Petersburg Korchnoi Memorial op"]
[Site "St Petersburg"]
[Date "2023.08.21"]
[Round "5"]
[White "Podgornova, Anna A"]
[Black "Bahdanovich, Mikhail"]
[Result "0-1"]
[WhiteElo "1827"]
[BlackElo "1433"]
[PlyCount "108"]
[EventDate "2023.08.18"]
[EventType "swiss"]
[EventRounds "9"]
[EventCountry "RUS"]
[SourceTitle "EXT 2024"]
[Source "ChessBase"]
[SourceDate "2023.10.10"]
[SourceVersion "1"]
[SourceVersionDate "2023.10.10"]
[SourceQuality "1"]

1. d4 Nf6 2. c4 g6 3. f3 Bg7 4. e4 d6 5. Nc3 0-0 6. Be3 c5 7. Nge2 Nc6 8. Qd2 Qa5 9. Rc1 a6 10. d5 Ne5 11. Ng3 h5 12. h4 Rb8 13. Be2 b5 14. cxb5 axb5 15. b3 Bd7 16. 0-0 Ra8 17. Rc2 Nh7 18. Bh6 b4 19. Nd1 Bb5 20. Bxg7 Kxg7 21. Ne3 Bxe2 22. Qxe2 Qa6 23. Qd1 Nf6 24. f4 Neg4 25. Nc4 Nd7 26. Qa1+ Kg8 27. e5 Nb6 28. exd6 exd6 29. Qc1 Nxc4 30. bxc4 Qa3 31. Qxa3 Rxa3 32. Rf3 Rxf3 33. gxf3 Ne3 34. Rc1 Ra8 35. Kf2 Nf5 36. Rc2 Nxh4 37. Ne4 Nf5 38. Rd2 Kg7 39. Ng5 Ra3 40. Re2 Rc3 41. Re8 Rc2+ 42. Ke1 Rxa2 43. Rb8 Ra7 44. Rb6 h4 45. Kf2 Ra2+ 46. Kg1 Ra7 47. Ne4 Nd4 48. Kg2 f5 49. Nxd6 Ra2+ 50. Kf1 h3 51. Rb7+ Kf8 52. Rh7 b3 53. Nc8 b2 54. Rb7 h2 0-1

[Event "Chigorin Memorial 29th"]
[Site "St Petersburg"]
[Date "2022.10.30"]
[Round "9"]
[White "Podgornova, Anna A"]
[Black "Batozhargalov, Erdem"]
[Result "1-0"]
[WhiteElo "1845"]
[BlackElo "1559"]
[PlyCount "97"]
[EventDate "2022.10.22"]
[EventType "swiss"]
[EventRounds "9"]
[EventCountry "RUS"]
[SourceTitle "EXT 2024"]
[Source "ChessBase"]
[SourceDate "2023.10.10"]
[SourceVersion "1"]
[SourceVersionDate "2023.10.10"]
[SourceQuality "1"]

1. d4 Nf6 2. c4 c5 3. d5 b5 4. cxb5 a6 5. bxa6 g6 6. Nc3 Bg7 7. a7 Rxa7 8. e4 0-0 9. Nf3 d6 10. Bd3 Ba6 11. 0-0 Nbd7 12. Bxa6 Rxa6 13. Qe2 Qb6 14. h3 Ra7 15. a4 Qb4 16. Bd2 Raa8 17. Rfb1 c4 18. Nb5 Qc5 19. Bc3 Rfb8 20. Nd2 Nb6 21. Bd4 Qb4 22. b3 Nxe4 23. Nxe4 cxb3 24. Qb2 Bxd4 25. Qxd4 Nc4 26. Qc3 Qxc3 27. Nexc3 b2 28. Ra2 e6 29. a5 Ra6 30. dxe6 fxe6 31. Na3 Nxa3 32. Rxa3 d5 33. Nd1 Rba8 34. Rxb2 Rxa5 35. Rxa5 Rxa5 36. Kf1 Kg7 37. Rb7+ Kf6 38. Rxh7 d4 39. Rd7 e5 40. Rd6+ Kf5 41. Nb2 Ra2 42. Nc4 Ke4 43. f3+ Kf4 44. Rf6+ Kg5 45. Re6 Rc2 46. Nxe5 Rc1+ 47. Ke2 Rc2+ 48. Kd3 Rxg2 49. Rxg6+ 1-0

[Event "Moscow op (Women) 16th"]
[Site "Moscow"]
[Date "2020.01.29"]
[Round "5"]
[White "Podgornova, Anna A"]
[Black "Kharmunova, Nadezhda"]
[Result "1-0"]
[WhiteElo "1844"]
[BlackElo "2044"]
[PlyCount "131"]
[EventDate "2020.01.25"]
[EventType "swiss"]
[EventRounds "9"]
[EventCountry "RUS"]
[SourceTitle "CBM 194 Extra"]
[Source "ChessBase"]
[SourceDate "2020.03.31"]
[SourceVersion "1"]
[SourceVersionDate "2020.03.31"]
[SourceQuality "1"]

1. d4 d5 2. c4 c6 3. cxd5 cxd5 4. Bg5 Nc6 5. Nc3 Qb6 6. Qd2 e6 7. e3 Nf6 8. Bxf6 gxf6 9. Nf3 Bd7 10. Rc1 Na5 11. Bd3 Nc4 12. Bxc4 dxc4 13. 0-0 Be7 14. Qe2 Qc7 15. e4 b5 16. e5 fxe5 17. Nxe5 Bd6 18. Qf3 0-0 19. Ng4 f5 20. Ne5 Bxe5 21. dxe5 Qxe5 22. Rcd1 Qc7 23. Rfe1 Bc6 24. Qe3 Rae8 25. Qc5 Qb7 26. Re3 Rf6 27. f3 Rg6 28. Kf1 Rc8 29. Qd6 Kf7 30. Ne2 Qc7 31. Nf4 Qxd6 32. Rxd6 Rh6 33. Rdxe6 Rxe6 34. Rxe6 b4 35. Re5 c3 36. bxc3 bxc3 37. Rxf5+ Ke7 38. Rc5 Kd6 39. Nd3 Rb8 40. Rxc3 Rb1+ 41. Kf2 Bd5 42. a3 Ra1 43. Nb4 Be6 44. Rc6+ Ke5 45. Ra6 h5 46. Rxa7 h4 47. h3 Bf5 48. Ra5+ Kf6 49. f4 Be4 50. a4 Rb1 51. Nd5+ Ke6 52. Nc3 Rb2+ 53. Ne2 Bd5 54. Rb5 Ra2 55. a5 Rxe2+ 56. Kxe2 Bc4+ 57. Kf3 Bxb5 58. Kg4 Bc6 59. Kxh4 Bxg2 60. Kg3 Be4 61. a6 Kf5 62. a7 Bd5 63. h4 Kg6 64. Kg4 Be6+ 65. f5+ Bxf5+ 66. Kf4 1-0

[Event "Moscow op (Women) 16th"]
[Site "Moscow"]
[Date "2020.01.25"]
[Round "1"]
[White "Podgornova, Anna A"]
[Black "Serikbay, Assel"]
[Result "0-1"]
[WhiteElo "1844"]
[BlackElo "2325"]
[PlyCount "74"]
[EventDate "2020.01.25"]
[EventType "swiss"]
[EventRounds "9"]
[EventCountry "RUS"]
[SourceTitle "CBM 194 Extra"]
[Source "ChessBase"]
[SourceDate "2020.03.31"]
[SourceVersion "1"]
[SourceVersionDate "2020.03.31"]
[SourceQuality "1"]

1. d4 d5 2. c4 c6 3. cxd5 cxd5 4. Bg5 Nc6 5. Nc3 h6 6. Bh4 Nf6 7. Bxf6 exf6 8. e3 Be6 9. Nge2 Bd6 10. g3 0-0 11. Bg2 Ne7 12. 0-0 Rc8 13. Qb3 Qa5 14. Rac1 a6 15. a3 Rc6 16. Qa2 Rfc8 17. b4 Qc7 18. h4 Rc4 19. Qb2 b5 20. Nb1 Bf5 21. Rxc4 bxc4 22. Nec3 Qb7 23. Nd2 Bd7 24. Qa2 Bc6 25. e4 dxe4 26. Bxe4 Bxe4 27. Ndxe4 Bb8 28. Nc5 Qf3 29. Qxc4 Bxg3 30. fxg3 Qxg3+ 31. Kh1 Ng6 32. Nd5 Re8 33. Qd3 Qxh4+ 34. Kg2 Qg4+ 35. Kh1 Re2 36. Qxe2 Qxe2 37. Kg1 Nh4 0-1

[Event "St Petersburg Korchnoi Memorial op"]
[Site "St Petersburg"]
[Date "2019.08.15"]
[Round "2"]
[White "Nikolaeva, Daria S"]
[Black "Podgornova, Anna A"]
[Result "0-1"]
[WhiteElo "1280"]
[BlackElo "1848"]
[PlyCount "58"]
[EventDate "2019.08.14"]
[EventType "swiss"]
[EventRounds "9"]
[EventCountry "RUS"]
[SourceTitle "CBM 192"]
[Source "ChessBase"]
[SourceDate "2019.10.31"]
[SourceVersion "1"]
[SourceVersionDate "2019.10.31"]
[SourceQuality "1"]

1. d4 Nf6 2. Bf4 d5 3. Nf3 c5 4. e3 Nc6 5. Bd3 Bg4 6. Nbd2 cxd4 7. exd4 Nxd4 8. c3 Nc6 9. Qb3 Qc8 10. Ne5 Nh5 11. Qxd5 e6 12. Qc4 Nxe5 13. Bxe5 Qxc4 14. Nxc4 f6 15. Bd4 e5 16. Be3 0-0-0 17. Bc2 Nf4 18. Bxf4 exf4 19. f3 Be6 20. Na5 Bc5 21. Be4 Bd5 22. Bf5+ Kb8 23. Kf1 b6 24. Nb3 Bc4+ 25. Ke1 Rhe8+ 26. Be4 f5 27. Nxc5 bxc5 28. Kf2 fxe4 29. fxe4 Rxe4 0-1

[Event "Moscow op-B (Women) 14th"]
[Site "Moscow"]
[Date "2018.01.31"]
[Round "5"]
[White "Podgornova, Anna A"]
[Black "Gutkovich, Polina"]
[Result "0-1"]
[WhiteElo "1714"]
[BlackElo "1979"]
[PlyCount "140"]
[EventDate "2018.01.27"]
[EventType "swiss"]
[EventRounds "9"]
[EventCountry "RUS"]
[SourceTitle "CBM 182 Extra"]
[Source "ChessBase"]
[SourceDate "2018.02.23"]
[SourceVersion "1"]
[SourceVersionDate "2018.02.23"]
[SourceQuality "1"]

1. c4 e6 2. Nf3 d5 3. g3 Nf6 4. Bg2 Be7 5. 0-0 0-0 6. d4 dxc4 7. Ne5 Nbd7 8. Nxc4 c5 9. Nc3 Nb6 10. Nxb6 axb6 11. dxc5 bxc5 12. Qb3 Qa5 13. Rd1 e5 14. Bg5 Rb8 15. Ne4 Bg4 16. Nxf6+ Bxf6 17. Bxf6 gxf6 18. Qc4 Be6 19. Qh4 Kg7 20. Be4 h6 21. Rd6 Qc7 22. Rd3 f5 23. Bg2 e4 24. Rc3 Rbd8 25. Bh3 Qe5 26. Qh5 Rd5 27. Rac1 Qd6 28. Qh4 b6 29. Qf4 Qxf4 30. gxf4 Rd2 31. R3c2 Rfd8 32. Kf1 Kf6 33. b3 Rd1+ 34. Rxd1 Rxd1+ 35. Kg2 Bd5 36. e3 Be6 37. Kg3 Ke7 38. Bg2 Kd6 39. f3 Bd5 40. fxe4 fxe4 41. Kg4 Re1 42. Kh5 Rxe3 43. Kxh6 Rd3 44. Kg5 e3 45. Bf1 Rd2 46. Rxd2 exd2 47. Be2 c4 48. bxc4 Bxc4 49. Bf3 Bxa2 50. h4 Ke7 51. Bd1 b5 52. Kg4 b4 53. Kf3 b3 54. Ke2 b2 55. Bc2 b1Q 56. Bxb1 Bxb1 57. Kxd2 Kf6 58. Ke3 Bg6 59. Kf2 Bh5 60. Ke3 Kf5 61. Kf2 Kxf4 62. Kg2 Kg4 63. Kf2 Kxh4 64. Kg2 f5 65. Kf2 Kh3 66. Kf1 Kg3 67. Kg1 f4 68. Kf1 f3 69. Kg1 f2+ 70. Kf1 Be2+ 0-1

[Event "RUS-chT U14 Girls"]
[Site "Sochi"]
[Date "2017.05.08"]
[Round "6.1"]
[White "Podgornova, Anna A"]
[Black "Vyrtosu, Natalia"]
[Result "0-1"]
[WhiteElo "1708"]
[BlackElo "1871"]
[PlyCount "46"]
[EventDate "2017.05.01"]
[EventType "team-tourn"]
[EventRounds "7"]
[EventCountry "RUS"]
[SourceTitle "CBM 178 Extra"]
[Source "ChessBase"]
[SourceDate "2017.06.22"]
[SourceVersion "1"]
[SourceVersionDate "2017.06.22"]
[SourceQuality "1"]

1. d4 d5 2. c4 c6 3. Nf3 Nf6 4. Nc3 dxc4 5. e3 Bf5 6. Bxc4 e6 7. 0-0 Nbd7 8. Qe2 Nb6 9. Bb3 Ne4 10. Ne5 Bb4 11. Nxe4 Bxe4 12. Qg4 Bg6 13. d5 Bd6 14. Nxg6 hxg6 15. dxe6 Bxh2+ 16. Kh1 Be5+ 17. Kg1 Bh2+ 18. Kh1 Rh4 19. exf7+ Kf8 20. Qxg6 Bg3+ 21. Kg1 Rh1+ 22. Kxh1 Qh4+ 23. Kg1 Qh2# 0-1

[Event "RUS-chT U14 Girls"]
[Site "Sochi"]
[Date "2017.05.02"]
[Round "2.1"]
[White "Podgornova, Anna A"]
[Black "Vinokur, Yuliya"]
[Result "1/2-1/2"]
[WhiteElo "1708"]
[BlackElo "2233"]
[PlyCount "127"]
[EventDate "2017.05.01"]
[EventType "team-tourn"]
[EventRounds "7"]
[EventCountry "RUS"]
[SourceTitle "CBM 178 Extra"]
[Source "ChessBase"]
[SourceDate "2017.06.22"]
[SourceVersion "1"]
[SourceVersionDate "2017.06.22"]
[SourceQuality "1"]

1. d4 Nf6 2. c4 c5 3. d5 b5 4. cxb5 a6 5. bxa6 Bxa6 6. Nc3 g6 7. e4 Bxf1 8. Kxf1 d6 9. g3 Bg7 10. Nf3 0-0 11. Kg2 Nbd7 12. h3 Qb6 13. Re1 Rfb8 14. Qc2 Ne8 15. Nd2 Qa6 16. a3 Ne5 17. f4 Nd3 18. Re3 Nb4 19. Qd1 Bd4 20. Rf3 Nd3 21. Nb3 Rxb3 22. Rxd3 Rab8 23. Qc2 Nf6 24. Rf3 Qc4 25. a4 Bxc3 26. bxc3 Nxe4 27. a5 Nxc3 28. a6 Qb4 29. a7 Ra8 30. f5 c4 31. fxg6 hxg6 32. Qf2 Ne4 33. Qe2 Rxf3 34. Qxf3 Qe1 35. Qe3 Qc3 36. Ra2 Qxe3 37. Bxe3 c3 38. Ra4 Nc5 39. Ra5 c2 40. Ra2 Kf8 41. Rxc2 Rxa7 42. Bxc5 Rc7 43. Kf3 Rxc5 44. Rd2 Kg7 45. Ke4 Rc3 46. Kf4 Kf6 47. h4 Rc4+ 48. Kf3 Kf5 49. Rd3 Rb4 50. Rd2 Re4 51. Rd3 Ke5 52. g4 f5 53. gxf5 Rxh4 54. fxg6 Rh6 55. Re3+ Kf6 56. Re6+ Kg7 57. Rxe7+ Kxg6 58. Re6+ Kg5 59. Re8 Kf5 60. Ke3 Rh1 61. Kd4 Rd1+ 62. Kc4 Rc1+ 63. Kd4 Rd1+ 64. Kc4 1/2-1/2

[Event "RUS-chT U14 Girls"]
[Site "Sochi"]
[Date "2017.05.01"]
[Round "1.1"]
[White "Tokmakova, Ulyana"]
[Black "Podgornova, Anna A"]
[Result "1-0"]
[WhiteElo "1315"]
[BlackElo "1708"]
[PlyCount "83"]
[EventDate "2017.05.01"]
[EventType "team-tourn"]
[EventRounds "7"]
[EventCountry "RUS"]
[SourceTitle "CBM 178 Extra"]
[Source "ChessBase"]
[SourceDate "2017.06.22"]
[SourceVersion "1"]
[SourceVersionDate "2017.06.22"]
[SourceQuality "1"]

1. Nf3 d5 2. b3 Nf6 3. Bb2 c5 4. e3 g6 5. Be2 Bg7 6. 0-0 0-0 7. c4 d4 8. exd4 Nh5 9. d3 cxd4 10. Re1 Nc6 11. Nbd2 Nf4 12. Bf1 e5 13. Ne4 f5 14. Ng3 Re8 15. a3 b6 16. b4 Bb7 17. Qb3 Kh8 18. Rac1 Qd7 19. c5 b5 20. Ng5 Ne6 21. Nxe6 Rxe6 22. Be2 Ne7 23. Bd1 e4 24. dxe4 fxe4 25. Bg4 Bd5 26. Bxe6 Qxe6 27. Qd1 d3 28. Qd2 Be5 29. Nxe4 Qf5 30. Nd6 Qg4 31. Bxe5+ Kg8 32. f4 Qxg2+ 33. Qxg2 Bxg2 34. Kxg2 d2 35. Red1 dxc1Q 36. Rxc1 Nc6 37. Kf3 a5 38. Nxb5 axb4 39. axb4 Nxb4 40. c6 Nd3 41. Rc3 Nxe5+ 42. fxe5 1-0

[Event "Moscow op-B (Women) 13th"]
[Site "Moscow"]
[Date "2017.02.05"]
[Round "9"]
[White "Podgornova, Anna A"]
[Black "Kochukova, Anna"]
[Result "0-1"]
[WhiteElo "1781"]
[BlackElo "1979"]
[PlyCount "93"]
[EventDate "2017.01.28"]
[EventType "swiss"]
[EventRounds "9"]
[EventCountry "RUS"]
[SourceTitle "EXT 2018"]
[Source "ChessBase"]
[SourceDate "2017.10.13"]
[SourceVersion "1"]
[SourceVersionDate "2017.10.13"]
[SourceQuality "1"]

1. d4 Nf6 2. c4 e6 3. Nc3 Bb4 4. f3 c5 5. d5 Bxc3+ 6. bxc3 e5 7. Bg5 d6 8. e4 h6 9. Bh4 Nbd7 10. Bd3 Nf8 11. Ne2 g5 12. Bf2 Ng6 13. Qd2 Nh5 14. h3 Qf6 15. Rb1 Ngf4 16. Nxf4 gxf4 17. Bf1 Qg6 18. Rg1 Rg8 19. Rb2 Qh7 20. Kd1 f5 21. Qe2 fxe4 22. fxe4 Ng3 23. Bxg3 Rxg3 24. Qh5+ Qg6 25. Qxg6+ Rxg6 26. Rh1 Rg3 27. Kd2 b6 28. Rb1 Bd7 29. Rh2 Kd8 30. Be2 Kc7 31. Bf3 Rag8 32. Ke2 Be8 33. Rb3 Kb7 34. Rb1 R8g5 35. Kf2 Ka6 36. Rb3 Kb7 37. Rb1 Ba4 38. Ke2 Bc2 39. Rb2 Bxe4 40. Bxe4 Re3+ 41. Kd2 Rxe4 42. Kd3 Re3+ 43. Kd2 Reg3 44. Kd1 Rxc3 45. Rc2 Rxc2 46. Kxc2 Rg3 47. Kb2 0-1

[Event "Moscow op-B (Women) 13th"]
[Site "Moscow"]
[Date "2017.02.01"]
[Round "5"]
[White "Podgornova, Anna A"]
[Black "Badrakova, Kseniya"]
[Result "1-0"]
[WhiteElo "1781"]
[BlackElo "1398"]
[PlyCount "73"]
[EventDate "2017.01.28"]
[EventType "swiss"]
[EventRounds "9"]
[EventCountry "RUS"]
[SourceTitle "EXT 2018"]
[Source "ChessBase"]
[SourceDate "2017.10.13"]
[SourceVersion "1"]
[SourceVersionDate "2017.10.13"]
[SourceQuality "1"]

1. d4 Nf6 2. c4 d6 3. Nc3 g6 4. e4 Bg7 5. f3 0-0 6. Be3 Nbd7 7. Qd2 c5 8. Nge2 a6 9. g4 Rb8 10. Ng3 Qc7 11. Be2 cxd4 12. Bxd4 Nc5 13. h4 Qc6 14. h5 Ne6 15. Be3 Re8 16. Bd3 Nf8 17. hxg6 fxg6 18. Bh6 Be6 19. Nd5 N8d7 20. Be2 Ne5 21. Bxg7 Kxg7 22. b3 Bxd5 23. exd5 Qd7 24. Ne4 Rec8 25. Qh6+ Kf7 26. Ng5+ Ke8 27. Nxh7 Nxh7 28. Qxh7 Kd8 29. Qg7 Kc7 30. c5 Rg8 31. cxd6+ Qxd6 32. Rc1+ Kd7 33. Qh6 Rbd8 34. Qe3 Rc8 35. Rxc8 Rxc8 36. f4 Qxd5 37. 0-0 1-0

[Event "RUS-chT U14 Girls"]
[Site "Sochi"]
[Date "2016.05.03"]
[Round "3.2"]
[White "Budnikova, Varvara"]
[Black "Podgornova, Anna A"]
[Result "0-1"]
[WhiteElo "1854"]
[BlackElo "1744"]
[PlyCount "80"]
[EventDate "2016.05.01"]
[EventType "team-tourn"]
[EventRounds "10"]
[EventCountry "RUS"]
[SourceTitle "EXT 2018"]
[Source "ChessBase"]
[SourceDate "2017.10.13"]
[SourceVersion "1"]
[SourceVersionDate "2017.10.13"]
[SourceQuality "1"]

1. e4 c5 2. Nf3 Nc6 3. c3 Nf6 4. e5 Nd5 5. d4 cxd4 6. Bc4 Nb6 7. Bb3 d5 8. exd6 Qxd6 9. 0-0 Be6 10. Na3 dxc3 11. Nb5 Qxd1 12. Rxd1 Rc8 13. Bxe6 fxe6 14. bxc3 g6 15. Ng5 e5 16. Ne6 Kf7 17. Nbc7 Bg7 18. Rb1 Bf6 19. Be3 Na4 20. Rxb7 Nxc3 21. Rd2 Nd8 22. Nxd8+ Rhxd8 23. f3 a5 24. a3 e4 25. Kf1 exf3 26. gxf3 Rxd2 27. Bxd2 Rd8 28. Be3 Rd3 29. Bb6 Rxf3+ 30. Kg2 Rf5 31. Ra7 a4 32. Be3 h5 33. Na8 g5 34. Nb6 Re5 35. Nc4 Re6 36. Bg1 Re2+ 37. Kf1 Ra2 38. Nd6+ Ke6 39. Nc4 Ra1+ 40. Kg2 Rxg1+ 0-1

[Event "RUS-chT U14 Girls"]
[Site "Sochi"]
[Date "2016.05.02"]
[Round "2.1"]
[White "Podgornova, Anna A"]
[Black "Afanasieva, Alexandra"]
[Result "0-1"]
[WhiteElo "1744"]
[BlackElo "1911"]
[PlyCount "72"]
[EventDate "2016.05.01"]
[EventType "team-tourn"]
[EventRounds "10"]
[EventCountry "RUS"]
[SourceTitle "EXT 2018"]
[Source "ChessBase"]
[SourceDate "2017.10.13"]
[SourceVersion "1"]
[SourceVersionDate "2017.10.13"]
[SourceQuality "1"]

1. d4 Nf6 2. c4 e6 3. Nc3 Bb4 4. Qc2 0-0 5. Nf3 d5 6. Bg5 Nbd7 7. e3 c5 8. cxd5 exd5 9. Be2 Qa5 10. 0-0 cxd4 11. exd4 Bxc3 12. bxc3 Ne4 13. c4 Ndf6 14. Bxf6 Nxf6 15. Ne5 Be6 16. c5 Rac8 17. Rab1 Qc7 18. Qb3 Rb8 19. Rb2 Ne4 20. f3 Nxc5 21. Qc2 Na6 22. Bxa6 Qxc2 23. Rxc2 bxa6 24. Nc6 Rb7 25. Ne5 f6 26. Nd3 Bf5 27. Nc5 Bxc2 28. Nxb7 Rb8 29. Nc5 Rb4 30. Nxa6 Rxd4 31. Rc1 Rc4 32. Nb8 d4 33. Kf2 d3 34. Ke3 Rc8 35. Nd7 Rd8 36. Nc5 d2 0-1

[Event "EU-ch U12 Girls 25th"]
[Site "Porec"]
[Date "2015.09.29"]
[Round "8"]
[White "Podgornova, Anna A"]
[Black "Van den Brink, Nienke"]
[Result "1/2-1/2"]
[WhiteElo "1740"]
[BlackElo "1571"]
[PlyCount "100"]
[EventDate "2015.09.21"]
[EventType "swiss"]
[EventRounds "9"]
[EventCountry "CRO"]
[SourceTitle "EXT 2016"]
[Source "ChessBase"]
[SourceDate "2015.10.08"]
[SourceVersion "1"]
[SourceVersionDate "2015.10.08"]
[SourceQuality "1"]

1. d4 Nf6 2. c4 c5 3. d5 b5 4. cxb5 a6 5. bxa6 Bxa6 6. g3 d6 7. Bg2 g6 8. Nf3 Bg7 9. 0-0 Nbd7 10. Nc3 0-0 11. Re1 Qc7 12. e4 Ng4 13. Bf4 Nge5 14. Nxe5 Nxe5 15. Bxe5 Bxe5 16. f4 Bd4+ 17. Kh1 Rfb8 18. Qc2 Qb7 19. Rab1 Bc4 20. b3 Ba6 21. a4 Bxc3 22. Qxc3 Qb4 23. Qc2 Bc8 24. Bf1 Bd7 25. Bc4 Ra7 26. f5 Rab7 27. Ra1 Ra7 28. fxg6 fxg6 29. Rf1 Bh3 30. Rf2 Re8 31. Bf1 Bxf1 32. Raxf1 Rb7 33. Rf3 Rc7 34. Rc1 e6 35. dxe6 Rxe6 36. Qc4 Qxc4 37. Rxc4 Rce7 38. Re3 Re5 39. Kg2 Kg7 40. a5 Ra7 41. Ra4 d5 42. Kf3 Rf7+ 43. Ke2 d4 44. Rd3 Rxe4+ 45. Kd1 Rf1+ 46. Kc2 Ree1 47. a6 Rc1+ 48. Kd2 Rcd1+ 49. Kc2 Rc1+ 50. Kd2 Rcd1+ 1/2-1/2

[Event "EU-ch U12 Girls 25th"]
[Site "Porec"]
[Date "2015.09.23"]
[Round "3"]
[White "Podgornova, Anna A"]
[Black "Rzali, Sabina"]
[Result "1/2-1/2"]
[WhiteElo "1740"]
[BlackElo "1583"]
[PlyCount "97"]
[EventDate "2015.09.21"]
[EventType "swiss"]
[EventRounds "9"]
[EventCountry "CRO"]
[SourceTitle "EXT 2016"]
[Source "ChessBase"]
[SourceDate "2015.10.08"]
[SourceVersion "1"]
[SourceVersionDate "2015.10.08"]
[SourceQuality "1"]

1. d4 d5 2. c4 dxc4 3. Nf3 Nf6 4. e3 e6 5. Bxc4 c5 6. 0-0 Be7 7. Qe2 0-0 8. Rd1 Qc7 9. b3 a6 10. Bb2 b5 11. Bd3 Bb7 12. Nbd2 Nbd7 13. Rac1 Qb6 14. dxc5 Bxc5 15. Ng5 Rac8 16. Nge4 Be7 17. Bb1 Rfe8 18. Bd4 Qd8 19. Rxc8 Qxc8 20. Bb2 Qa8 21. Qd3 Nxe4 22. Nxe4 Nf8 23. f3 Bd5 24. Nc3 Bb7 25. Ne4 Bd5 26. Qc3 f6 27. Rc1 Bb7 28. Qc7 Qb8 29. Qxb8 Rxb8 30. Rc7 Bd8 31. Rc1 Bb6 32. Kf2 Rd8 33. Ke2 Ba5 34. Bc3 Bxc3 35. Rxc3 Rc8 36. Rxc8 Bxc8 37. Nc5 e5 38. Be4 g6 39. Bd5+ Kg7 40. b4 f5 41. Kd3 Kf6 42. a3 Ke7 43. Kc3 Kd6 44. Bb3 Kc7 45. a4 Kc6 46. axb5+ axb5 47. Kd3 Kd6 48. Bg8 h6 49. g3 1/2-1/2